LEADER 01075nam1-2200373---450- 001 990003388350203316 005 20100420103140.0 035 $a000338835 035 $aUSA01000338835 035 $a(ALEPH)000338835USA01 035 $a000338835 100 $a20100416d1996----km-y0itay50------ba 101 $afre 102 $aFR 105 $a||||||||001yy 200 1 $aIntroduction à la philosophie du mythe 210 $aParis$cLibrairie philosophique J. Vrin$d1996- 215 $av.$d22 cm 410 0$12001 454 1$12001$aAntike, Mittelalter und Renaissance$960810 461 1$1001-------$12001 463 \1$1001990003389170203316$12001 $a<<1.:>> Sauver le mythes 606 0 $aMitologia$2BNCF 676 $a292 801 0$aIT$bsalbc$gISBD 912 $a990003388350203316 951 $aCI 217$bDSA 959 $aBK 969 $aDSA 979 $aDSA$b10$c20100416$lUSA01$h1354 979 $aPATRY$b90$c20100420$lUSA01$h1028 979 $aPATRY$b90$c20100420$lUSA01$h1031 996 $aAntike, Mittelalter und Renaissance$960810 997 $aUNISA LEADER 01231nam0-22003851i-450- 001 990004148820403321 005 20110117114423.0 035 $a000414882 035 $aFED01000414882 035 $a(Aleph)000414882FED01 035 $a000414882 100 $a19990604d1962----km-y0itay50------ba 101 0 $aita 102 $aIT 105 $ay-------001yy 200 1 $a<>sommo bene$epassi scelti dal 'De finibus bonorum et malorum'$fCicerone$ga cura di U. Lepore, G. Martano 210 $aNapoli$cil Tripode$d1962 215 $a212 p.$d22 cm 225 1 $aCollana di classici antichi 500 10$aDe finibus bonorum et malorum$m$915565 676 $a188 676 $a870.01 700 1$aCicero,$bMarcus Tullius$f<106 a.C.-43 a.C.>$082411 702 1$aLepore,$bUgo 702 1$aMartano,$bGiuseppe 801 0$aIT$bUNINA$gRICA$2UNIMARC 901 $aBK 912 $a990004148820403321 952 $aP2B-650-CIC.M.T.-407A-1962$bBIBL.36838$fFLFBC 952 $aP2B-650-CIC.M.T.-407A-1962 BIS$bIST.ST.FIL. 3249$fFLFBC 952 $aP2B-650-CIC.M.T.-407A-1962 TER$bIST.ST.FIL. 3248$fNAP03 959 $aFLFBC 959 $aNAP03 996 $aDe finibus bonorum et malorum$915565 997 $aUNINA